Sistema de información para la gestión de órdenes de trabajo y presupuestos de la empresa Soluciones Creativas, Estelí
El presente trabajo tiene como objetivo aportar una herramienta que contribuya a mejorar el proceso de gestión de órdenes de trabajo y presupuestos de la empresa “Soluciones Creativas”, Estelí, Nicaragua. Esta herramienta consiste en un sistema de información automatizado, el cual permite realiz...
| Main Authors: | , , |
|---|---|
| Other Authors: | |
| Format: | Tesis Section = Libro |
| Language: | Undetermined Spanish |
| Published: |
Managua
UNI
2020
|
| Subjects: |
| LEADER | 01306nam a2200277Ia 4500 | ||
|---|---|---|---|
| 008 | 240830s9999 xx 000 0 und d | ||
| 040 | |a BIBLIOTECA-RUPAP Mon 005.74 S939 | ||
| 041 | |a spa | ||
| 082 | |a Mon 005.74 S939 | ||
| 100 | 1 | |a Suarez García, Lesdy Makeling | |
| 100 | 1 | |b Alfaro Bonilla, Fredmar Benigno | |
| 100 | 1 | |c Dávila Castillo, Elying Jahoska | |
| 245 | 1 | 0 | |a Sistema de información para la gestión de órdenes de trabajo y presupuestos de la empresa Soluciones Creativas, Estelí |
| 260 | |a Managua |b UNI |c 2020 | ||
| 300 | |a 167 p. :il. | ||
| 500 | |a Contiene: anexos y CD. | ||
| 502 | |a Tesis (Ingeniero de Sistemas)- UNI, 2020. | ||
| 520 | 3 | |a El presente trabajo tiene como objetivo aportar una herramienta que contribuya a mejorar el proceso de gestión de órdenes de trabajo y presupuestos de la empresa “Soluciones Creativas”, Estelí, Nicaragua. Esta herramienta consiste en un sistema de información automatizado, el cual permite realizar muchas de las tareas diarias y generar reportes con vistas calendarizadas. | |
| 650 | 7 | |a BASES DE DATOS | |
| 650 | 7 | |b AUTOMATIZACION DE LA INFORMACION | |
| 650 | 7 | |c LENGUAJE DE PROGRAMACION | |
| 650 | 7 | |d DISEÑO DE SOFTWARE | |
| 700 | 1 | |a Tutor: |b Poveda, José Manuel | |
| 942 | |c BK |2 ddc | ||
| 991 | |a TESIS | ||
| 999 | |c 15354 | ||